000
00309 a2200157 4500
001
177422
020
_a
040
_c
Magnum
100
_a
Disney, Walt
240
1
0
_a
Vida de inseto
_l
por
245
1
0
_a
Vida de inseto
362
0
_a
1899
440
1
_a
Abril
697
_a
MAGNITO: INFANTIL
942
_c
BK
999
_c
177422
_d
177422